Mindfulness-based cognitive therapy for depression (Record no. 66765)
[ view plain ]
| 000 -LEADER | |
|---|---|
| fixed length control field | 00630nam a2200217Ia 4500 |
| 001 - CONTROL NUMBER | |
| control field | 64721 |
| 008 - FIXED-LENGTH DATA ELEMENTS--GENERAL INFORMATION | |
| fixed length control field | 150303s9999 xx 000 0 und d |
| 020 ## - INTERNATIONAL STANDARD BOOK NUMBER | |
| International Standard Book Number | 9781462507504 |
| 040 ## - CATALOGING SOURCE | |
| Transcribing agency | PK-LaUMT |
| 082 ## - DEWEY DECIMAL CLASSIFICATION NUMBER | |
| Classification number | 616.85270651 |
| Item number | SEG-M |
| 100 ## - MAIN ENTRY--PERSONAL NAME | |
| Personal name | Segal, Zindel V., |
| 245 ## - TITLE STATEMENT | |
| Title | Mindfulness-based cognitive therapy for depression |
| Statement of responsibility, etc | Segal, Zindel V.,|Williams, J. Mark G.|Teasdale, John D. |
| 250 ## - EDITION STATEMENT | |
| Edition statement | 2nd |
| 260 ## - PUBLICATION, DISTRIBUTION, ETC. (IMPRINT) | |
| Place of publication, distribution, etc | New York,USA: |
| Name of publisher, distributor, etc | The Guilford Press, |
| Date of publication, distribution, etc | 2013 |
| 300 ## - PHYSICAL DESCRIPTION | |
| Extent | 451 p. |
| 546 ## - LANGUAGE NOTE | |
| Language note | EN |
| 650 ## - SUBJECT ADDED ENTRY--TOPICAL TERM | |
| Topical term or geographic name as entry element | Depression-Mental treatment |
| 700 ## - ADDED ENTRY--PERSONAL NAME | |
| Personal name | Teasdale, John D. |
| 700 ## - ADDED ENTRY--PERSONAL NAME | |
| Personal name | Williams, J. Mark G. |
| 942 ## - ADDED ENTRY ELEMENTS (KOHA) | |
| Koha item type | Books |
| Withdrawn status | Lost status | Damaged status | Not for loan | Home library | Current library | Date acquired | Total Checkouts | Full call number | Barcode | Date last seen | Price effective from | Koha item type |
|---|---|---|---|---|---|---|---|---|---|---|---|---|
| UMT Main Campus | UMT Main Campus | 2015-03-03 | 616.85270651 SEG-M | 87250 | 2015-03-03 | 2015-03-03 | Books |
